Welcome to the official i-CATS University College Library system. If you are a new user, please contact our librarian for registration.

Critical & scientific thinking : (Record no. 2643)

MARC details
000 -LEADER
fixed length control field 00601nam a2200193 a 4500
003 - CONTROL NUMBER IDENTIFIER
control field OSt
005 - DATE AND TIME OF LATEST TRANSACTION
control field 20260319121717.0
008 - FIXED-LENGTH DATA ELEMENTS--GENERAL INFORMATION
fixed length control field 260319b |||||||| |||| 00| 0 eng d
020 ## - INTERNATIONAL STANDARD BOOK NUMBER
International Standard Book Number 9789403668789
040 ## - CATALOGING SOURCE
Original cataloging agency DLC
Language of cataloging eng
Transcribing agency DLC
Modifying agency iCATSUC
050 ## - LIBRARY OF CONGRESS CALL NUMBER
Classification number BC177
Item number .V58 2023
100 ## - MAIN ENTRY--PERSONAL NAME
Personal name Vlerick, Michael,
Relator term author.
245 ## - TITLE STATEMENT
Title Critical & scientific thinking :
Remainder of title a short introduction /
Statement of responsibility, etc. Michael Vlerick.
260 ## - PUBLICATION, DISTRIBUTION, ETC.
Place of publication, distribution, etc. USA :
Name of publisher, distributor, etc. Open Press Tillburg University,
Date of publication, distribution, etc. 2023.
300 ## - PHYSICAL DESCRIPTION
Extent 120 p. :
Dimensions 24 cm.
504 ## - BIBLIOGRAPHY, ETC. NOTE
Bibliography, etc. note Includes bibliographical references.
650 ## - SUBJECT ADDED ENTRY--TOPICAL TERM
Topical term or geographic name entry element Critical thinking.
942 ## - ADDED ENTRY ELEMENTS (KOHA)
Source of classification or shelving scheme Library of Congress Classification
Koha item type Books
Suppress in OPAC No
Holdings
Date last seen Total checkouts Full call number Barcode Copy number Price effective from Koha item type Lost status Source of classification or shelving scheme Damaged status Not for loan Collection Withdrawn status Home library Current library Shelving location Date acquired Cost, normal purchase price
19/03/2026   BC177 .V58 2023 1002527 1 14/07/2025 Books   Library of Congress Classification     Open Collection   Dato Maznah Library & Information Services Dato Maznah Library & Information Services B Philosophy, Psychology & Religion 19/03/2026 140.60
Copyright CITM & Maznah Library, i-CATS University College 2025. All Rights Reserved